| 000 | 01528nam0a2200373 4500 | ||
|---|---|---|---|
| 001 | RU\NLR\BIBL_A\011904809 | ||
| 005 | 20190402145633.0 | ||
| 010 |
_a978-5-907015-73-9 _91000 |
||
| 021 |
_aRU _bКН-П-18-093206 _9КН-П-18-6757 |
||
| 035 | _a(NLR Aleph) 011904809 | ||
| 035 | _a(RuMoRGB)009831727 | ||
| 090 |
_a10902643 _c10902643 |
||
| 100 | _a20190109d2019 u y0rusy50 ca | ||
| 101 | 1 |
_arus _cchi |
|
| 102 | _aRU | ||
| 105 | _a c||z|||000zy | ||
| 200 | 1 |
_aСияние Великой Мин _eо борьбе с монголами и дипломатических миссиях Империи Мин _fЖун Чжэнь _g[пер. с кит. Бодотько Е.Б.] |
|
| 210 |
_aМосква _cШанс _d2019 [т.е. 2018] |
||
| 215 |
_a171, [4] с. _cцв. ил., портр., табл. _d21х21 |
||
| 225 | 1 | _aБлестящие эпохи в истории Китая | |
| 300 | _aКн. фактически изд. в 2018 г. | ||
| 320 | _aБиблиогр.: с. 166-167 (14 назв.) и в подстроч. примеч. | ||
| 333 | _a12+ | ||
| 607 |
_aКитай _xИстория _z1368 - 1644 _2nlr_sh1 _2nlr_sh2 _3RU\NLR\AUTH\661389403 |
||
| 686 | 1 | _aТ3(5Кит)44,02 | |
| 700 | 0 | _aЖун Чжэнь | |
| 702 | 1 |
_aБодотько _bЕ. Б. _4730 |
|
| 722 |
_aМин (династия) _f1368-1634 _3RU\NLR\AUTH\770202884 |
||
| 942 | _cBOOK | ||
| 980 | _aNBR | ||
| 980 | _aNB | ||